Využitie matematického programovania v hodnotení efektívnosti výroby
Aplikácia matematického programovania v analýze efektívnosti výroby pšenice na báze údajov piatich poľnohospodárskych podnikov z piatich výrobných oblastí Slovenska. Použitie neparametrickej metódy analýzy dátových obalov (DEA). Výsledkom analýzy je zoradenie producentov pšenice podľa miery efektívn...
Salvato in:
| Autore principale: | |
|---|---|
| Natura: | Capitolo di libro |
| Lingua: | slovacco |
| Soggetti: | |
| Tags: |
Nessun Tag, puoi essere il primo ad aggiungerne!!
|
MARC
| LEADER | 00000naa a2200000 4500 | ||
|---|---|---|---|
| 001 | r042091 | ||
| 005 | 20230929064532.5 | ||
| 041 | 0 | |a slo | |
| 044 | |a SK | ||
| 245 | 1 | 0 | |a Využitie matematického programovania v hodnotení efektívnosti výroby |c Peter Fandel |
| 520 | |a Aplikácia matematického programovania v analýze efektívnosti výroby pšenice na báze údajov piatich poľnohospodárskych podnikov z piatich výrobných oblastí Slovenska. Použitie neparametrickej metódy analýzy dátových obalov (DEA). Výsledkom analýzy je zoradenie producentov pšenice podľa miery efektívnosti. | ||
| 610 | 2 | 0 | |a programovanie matematické |
| 610 | 2 | 0 | |a efektívnosť výroby |
| 610 | 2 | 0 | |a podnik poľnohospodársky |
| 610 | 2 | 0 | |a modely |
| 610 | 2 | 0 | |a pšenica |
| 610 | 2 | 0 | |a Slovensko |
| 100 | 1 | |a Fandel, Peter | |